Richard Abel Musgrave – jeden z popredných predstaviteľov finančných teórií v 20. storočí

Musgrave je považovaný za jedného z popredných ekonómov 20. storočia v oblasti verejných financií. Študoval na Harvarde. Do roku 1941 bol aktívnym vyučujúcim ekonómie na tejto prestížnej americkej univerzite. Medzi Musgraveove príspevky patria štúdie verejných a meritných statkov, štúdie zaoberajúce...

Descripción completa

Guardado en:
Detalles Bibliográficos
Autor principal: Baláži, Peter
Formato: Capítulo de libro
Lenguaje:eslovaco
Materias:
Etiquetas: Agregar Etiqueta
Sin Etiquetas, Sea el primero en etiquetar este registro!

MARC

LEADER 00000nla a2200000 4500
001 0209755
005 20240502073505.2
041 0 |a slo 
044 |a SK 
245 1 0 |a Richard Abel Musgrave – jeden z popredných predstaviteľov finančných teórií v 20. storočí  |c Peter Baláži 
520 |a Musgrave je považovaný za jedného z popredných ekonómov 20. storočia v oblasti verejných financií. Študoval na Harvarde. Do roku 1941 bol aktívnym vyučujúcim ekonómie na tejto prestížnej americkej univerzite. Medzi Musgraveove príspevky patria štúdie verejných a meritných statkov, štúdie zaoberajúce sa daňovými prípadmi, daňovou progresivitou, fiškálnych systémov a úlohy fiškálnej politiky pri stabilizácii ekonomiky. Musgrave taktiež pozorne prekladal klasické texty teórie verejných financií do angličtiny, čím tieto texty sprístupnil širokej anglicky hovoriacej verejnosti. 
610 2 0 |a Musgrave, R. A. 
610 2 0 |a teórie ekonomické 
610 2 0 |a financie 
610 2 0 |a dejiny teórií ekonomických 
100 1 |a Baláži, Peter